000 02559cam a2200313 4500500
005 20260208003132.0
041 _afre
042 _adc
100 1 0 _aGaglio, Gérald
_eauthor
245 0 0 _aÉchec et « potentialités collatérales » d’une expérimentation en télémédecine d’urgence
260 _c2018.
500 _a96
520 _aTous les observateurs de la télémédecine française s’accordent aujourd’hui à penser que ses développements sont largement insuffisants au regard des objectifs fixés et des moyens mis en œuvre. Cet article se penche précisément sur la survenance d’un échec en matière de télémédecine, tout en questionnant la catégorie d’« échec » et en montrant ses nuances. L’article s’appuie sur le cas d’une expérimentation en télémédecine d’urgence déployée entre des maisons de retraite et un centre 15 du SAMU, entre 2012 et 2014. Après avoir mis en évidence les difficultés rencontrées, les tentatives pour les dépasser et les initiatives qui en ont découlé sont examinées. Elles seront nommées « potentialités collatérales » d’un processus d’innovation initial et seront situées dans la littérature sociologique sur l’innovation.
520 _aAll observers of French telemedicine today agree that its developments are largely inadequate in relation to the objectives set and the resources deployed. This article looks specifically at the occurrence of a telemedicine failure, while also examining the category of “failure” and showing its nuances. The article is based on the case of an emergency telemedicine experiment carried out between retirement homes and an emergency service “ centre 15” (hotline centre) between 2012 and 2014. After highlighting the difficulties encountered, it examines attempts to overcome them and the initiatives that were taken. The author names these the “collateral potentialities” of an initial innovation process, and situates them in the sociological literature on innovation.
690 _aéchec
690 _ainnovation
690 _apotentialités collatérales
690 _asymétrie
690 _atélémédecine
690 _aurgence
690 _acollateral potentialities
690 _aemergency
690 _afailure
690 _ainnovation
690 _asymmetry
690 _atelemedicine
786 0 _nRéseaux | 207 | 1 | 2018-03-24 | p. 165-195 | 0751-7971
856 4 1 _uhttps://shs.cairn.info/revue-reseaux-2018-1-page-165?lang=fr&redirect-ssocas=7080
999 _c1647259
_d1647259